| 000 | 00744nam a2200193 a 4500 | ||
|---|---|---|---|
| 005 | 20210223125156.0 | ||
| 008 | 031010s2002 mx r 000 0 spa d | ||
| 020 | _a9706401989 (Obra completa) | ||
| 035 | _aUPN01000129986 | ||
| 049 | _aCG | ||
| 050 | 4 |
_aQC175 _bG3.6 |
|
| 100 | 1 |
_aGarcía-Colín Scherer, Leopoldo, _d1930-2012 _933462 |
|
| 245 | 1 | 0 |
_aObras : _btemas selectos de física estadística / _cLeopoldo García-Colín Scherer. |
| 260 |
_aMéxico : _bEl Colegio Nacional, _c2002. |
||
| 300 |
_a2 v. : _bil. |
||
| 505 | 8 |
_aContenido: _gv.1. _tSistemas cuánticos en equilibrio. Teoría cinética de gases densos -- _gv.2. _tTeoría de la relajación química y cinética química |
|
| 650 | 4 |
_aFISICA ESTADISTICA _920823 |
|
| 905 | _aLibro | ||
| 999 |
_c102143 _d102143 |
||